000 00924nam a2200265Ia 4500
003 OSt
005 20220916110921.0
006 a|||||r|||| 00| 0
007 ta
008 220915b |||||||| |||| 00| 0 hin d
024 _a268677
037 _cTextbook
040 _bhin
_aARTS
_cARTS
041 _ahin
082 _aO15v2:A, 152K2.1(EPH)
100 _aशास्त्री, चारुचन्द्र
245 0 _aसंस्कृत साहित्य का इतिहास
246 _aSanskṛut sāhitya kā itihāsa
250 _a1
260 _aवाराणसी
_bचौखम्बा विधाभवन भारत
_c1962
300 _a292पण्
_ccm.
650 _aहिन्दी साहित्य
942 _hO15v2:A, 152K2.1(EPH)
_cTB
_2CC
999 _c101333
_d101333